|
|
|
|
| LEADER |
00000nam0a2200000 4500 |
| 001 |
15066 |
| 005 |
20231030190016.0 |
| 010 |
|
|
|a 5869210267
|
| 035 |
|
|
|a (RuTPU)RU\TPU\book\15168
|
| 035 |
|
|
|a BOOK00015238
|
| 090 |
|
|
|a 15066
|
| 100 |
|
|
|a 20011209d1997 k y0rusy50 ca
|
| 101 |
0 |
|
|a rus
|
| 102 |
|
|
|a RU
|
| 105 |
|
|
|a y z 000zy
|
| 200 |
1 |
|
|a Классификация почв России
|
| 210 |
|
|
|a Москва
|c Почвенный ин-т им. В. В. Докучаева
|d 1997
|
| 215 |
|
|
|a 236 с.
|
| 610 |
1 |
|
|a почвоведение
|
| 610 |
1 |
|
|a почва
|
| 610 |
1 |
|
|a Россия
|
| 610 |
1 |
|
|a классификация
|
| 610 |
1 |
|
|a антропогенно-преобразованная почва
|
| 675 |
|
|
|a 631.4
|v 3
|
| 801 |
|
0 |
|a RU
|b 63413507
|c 20011209
|g PSBO
|
| 801 |
|
2 |
|a RU
|b 63413507
|c 20150126
|g PSBO
|
| 942 |
|
|
|c BK
|